02100nam a22003017a 4500001000400000003000400004005001700008008004100025040000800066041001300074082001500087100003400102240002400136245008500160260003000245300001100275490004900286520124600335650002401581650002001605650001501625650003501640650001601675655001201691655001601703700003001719830004901749348OSt20250528074018.0250331b |||||||e |||| 00| f eng d bpor hitaapor a853bP665f1 aPirandello, Luigi,d1867-1936 aIl Fu Mattia Pascal aO Falecido Mattia Pascal /cPirandello, Luigi ; Tradução de Mário da Silva aSão Paulo bAbrilc1972 a289 p.1 aOs Imortais da Literatura Universalvvol. 38 aÉ no romance O Falecido Mattia Pascal que o autor dá início à temática que para ele se tornaria inesgotável: o paradoxo entre essência e aparência, entre o que é o homem e como é visto pelos outros. A maioria das pessoas já pensou, em algum momento, mudar completamente sua vida. Mas, como o fazer? É possível se tornar outra pessoa? Em "O falecido Mattia Pascal", Luigi Pirandello brinca com a realidade e faz da vida do protagonista, uma sequência de reformulações - da aparência, dos nomes, das roupas, dos pensamentos... No momento mais crítico de sua vida - desprezado por sua família, acossado por credores, com um trabalho num lugar medíocre -, um golpe do acaso muda a vida do jovem, Pascal ganha uma pequena fortuna num cassino e, ao mesmo tempo, é tido como morto, pois o confudem com um cadáver achado em sua cidade natal. Decide assumir uma nova identidade e parte em viagem pela Europa, de modo aventureiro, envolvendo-se em contínuos contratempos. A originalidade do autor traz à tona um questionamento fundamental da existência humana: pode o homem viver sem uma identidade ou ele pode elaborá-la a partir de um marco zero, conforme, lhe for agradável e conveniente?"  0aLiteratura italiana 0aExistencialismo 0aMistério 0aRecomeço e Transformação 0aClássicos 0aRomance 0aFicção  aSilva, Mario daeTRADUTOR aOs Imortais da Literatura Universalvvol. 38